'W', 'X', 'Y', 'Z' Sorting Gallery Quiz Stats

 Plays Quiz Updated Mar 20, 2020

Support Sporcle.
Go Orange.
Score 0/55 Timer 04:00
8 Plays Today
% Correct
Xuzhou
91.2%
Yogurt
90.4%
Waffle
90.1%
Wasabi
89.4%
Warsaw
88.9%
Wenzhou
88.5%
Washington D.C.
88.3%
Yangzhou
87.9%
Xi'an
87.3%
Zucchini
87.3%
Xiamen
87.2%
Yam
87.1%
Wuhan
86.7%
Will & Grace
86.6%
X-Files (The)
86.3%
Xena: Warrior Princess
85.9%
Zhengzhou
85.5%
Zinc
84.1%
Warriors
83.9%
Zirconium
83.7%
Yttrium
82.4%
Wizards
81.8%
Zambia
81.1%
Yemen
81%
Wellington
80.8%
Ytterbium
80.8%
Zimbabwe
80.7%
Yankees
80.4%
% Correct
Xenon
77.7%
Zagreb
77.1%
Xylophone
76.5%
X-Men
75.4%
Wuxi
74.8%
Zenit Saint Petersburg
74.4%
Werder Bremen
69.8%
Yu-Gi-Oh!
69.7%
Wolfsburg
67.1%
Widzew Łódź
65.5%
Wolf Pack
64.1%
Zips
61%
Yiwu
58.3%
Zürich
57.9%
Zorro
57.7%
Yerevan
55.2%
Windhoek
54.6%
Yaoundé
52.8%
Wild
52.7%
Wakame
50.9%
Yamoussoukro
48.9%
Yuzu
47.2%
Yaren
41.2%
Žilina
39%
Willem II
34.5%
Za'atar
31.3%
Zibo
17.8%

From the Vault

Click a Movie, Initially - Musicals II

by B_Awesome_87

Movies 5m
Initially you're clicking it. By the end you might be watching it.
Remove Ads.
Support Sporcle.
Get the best of Sporcle when you Go Orange. This ad-free experience offers more features, more stats, and more fun while also helping to support Sporcle. Thank you for becoming a member.

Show Comments

Extras

Top Quizzes Today


Score Distribution

Your Account Isn't Verified!

In order to create a playlist on Sporcle, you need to verify the email address you used during registration. Go to your Sporcle Settings to finish the process.

Report this User

Report this user for behavior that violates our Community Guidelines.

Details: